| 000 | 00494nam a2200169 a 4500 | ||
|---|---|---|---|
| 001 | BRCA_1853 | ||
| 005 | 20190320203557.0 | ||
| 008 | 050608s1993----mx-a---###---#000-0#spa-# | ||
| 020 | _a9686120092 | ||
| 050 | 4 |
_aCJ1896 _b.O76 1993 |
|
| 100 | 1 |
_aOrozco y Berra, Manuel _d1816-1881 _9539 |
|
| 245 | 1 | 0 |
_aMoneda en México _cManuel Orozco y Berra. |
| 260 |
_aMéxico _bBanco de México _c1993 |
||
| 300 |
_a147 p. _bil., tablas _c23 cm. |
||
| 650 | 1 | 4 |
_aMoneda _xHistoria _zMéxico _95751 |
| 942 |
_2lcc _cB |
||
| 999 |
_c1631 _d1631 |
||